000 00380nam a2200145Ia 4500
005 20251222152641.0
008 251222s9999||||xx |||||||||||||| ||spa||
020 _a9972205800
082 _a985.05/P19
100 _aPalacios Rodríguez, Raúl
245 0 _aHistoria de la República del Perú (1933-2000)
250 _a1ra.ed.
264 _bOrbis ventures S.A.C.
942 _cLIB
999 _c28084
_d28084